000 00291nam a22001337a 4500
008 171013b xxu||||| |||| 00| 0 eng d
020 _a9780131113916
041 _aeng
080 _a316
100 _a50
101 _asoc
245 _aMEDICAL SOCIOLOGY
_cCOCKERHAM, W.C
942 _2udc
_cBK
999 _c33679
_d33679